Average Annual Temperatures for each US State - Statistics

General Stats
  • This quiz has been taken 85 times
  • The average score is 33 of 50
Answer Stats
Rank Temperature (°F) State % Correct
1 70.7° Florida
98%
2 70.0° Hawaii
94%
3 66.4° Louisiana
89%
4 64.8° Texas
89%
7 62.8° Alabama
87%
5 63.5° Georgia
87%
6 63.4° Mississippi
85%
8 62.4° South Carolina
83%
50 26.6° Alaska
79%
10 60.3° Arizona
79%
9 60.4° Arkansas
79%
13 59.0° North Carolina
79%
12 59.4° California
77%
11 59.6° Oklahoma
77%
14 57.6° Tennessee
74%
48 41.0° Maine
70%
49 40.4° North Dakota
70%
17 55.1° Virginia
70%
47 41.2° Minnesota
68%
19 54.3° Kansas
66%
15 55.6° Kentucky
66%
18 54.5° Missouri
66%
20 54.2° Maryland
64%
37 45.4° New York
64%
28 49.9° Nevada
62%
21 53.4° New Mexico
62%
39 45.1° Colorado
60%
16 55.3° Delaware
60%
36 47.8° Iowa
60%
35 47.9° Massachusetts
60%
41 44.4° Michigan
60%
42 43.8° New Hampshire
60%
27 50.1° Rhode Island
60%
38 45.2° South Dakota
60%
44 42.9° Vermont
60%
45 42.7° Montana
57%
22 52.7° New Jersey
57%
26 50.7° Ohio
57%
32 48.6° Utah
57%
43 43.1° Wisconsin
57%
46 42.0° Wyoming
57%
29 49.0° Connecticut
55%
23 51.8° Illinois
55%
25 51.7° Indiana
55%
33 48.4° Oregon
55%
34 48.3° Washington
55%
40 44.4° Idaho
53%
24 51.8° West Virginia
53%
30 48.8° Nebraska
49%
31 48.8° Pennsylvania
49%
No matching quizzes found
Score Distribution
Percent of People with Each Score
Percentile by Number Answered
Your Score History
You have not taken this quiz